[Event "Kurpfalz Seniors op 07th"]
[Site "Ludwigshafen"]
[Date "2001.10.06"]
[Round "7"]
[White "Weitzel, Paul"]
[Black "Geissler, Dieter"]
[Result "1/2-1/2"]
[WhiteElo "1647"]
[BlackElo "1935"]
[PlyCount "78"]
[EventDate "2001.09.30"]
[EventType "swiss"]
[EventRounds "7"]
[EventCountry "GER"]
[SourceTitle "EXT 2007"]
[Source "ChessBase"]
[SourceDate "2006.11.23"]
[SourceVersion "1"]
[SourceVersionDate "2006.11.23"]
[SourceQuality "1"]

1. d4 d5 2. c4 e6 3. Nc3 c6 4. e3 Nf6 5. Qc2 Bd6 6. Nf3 Nbd7 7. b3 0-0 8. Bd3 Re8 9. 0-0 dxc4 10. Bxc4 e5 11. dxe5 Nxe5 12. Nxe5 Bxe5 13. Be2 Qc7 14. g3 Bh3 15. Re1 Qe7 16. Bb2 Qc5 17. Rac1 Bc7 18. Bf3 Bf5 19. Qe2 Qb4 20. Nb1 Ne4 21. Qc4 Qe7 22. Rcd1 Rad8 23. Qe2 Ng5 24. Bg4 Bg6 25. Ba3 c5 26. Nc3 Ba5 27. Bb2 Bxc3 28. Bxc3 Ne4 29. Bb2 a6 30. Rxd8 Rxd8 31. Rd1 b5 32. Rxd8+ Qxd8 33. Qd1 Qa5 34. f3 h5 35. Bh3 Ng5 36. Bg2 Kh7 37. a3 Qc7 38. e4 c4 39. Qd4 f6 1/2-1/2

[Event "Kurpfalz Seniors op 07th"]
[Site "Ludwigshafen"]
[Date "2001.10.04"]
[Round "5"]
[White "Frantzke, Helmut"]
[Black "Geissler, Dieter"]
[Result "1/2-1/2"]
[WhiteElo "1822"]
[BlackElo "1935"]
[PlyCount "89"]
[EventDate "2001.09.30"]
[EventType "swiss"]
[EventRounds "7"]
[EventCountry "GER"]
[SourceTitle "EXT 2007"]
[Source "ChessBase"]
[SourceDate "2006.11.23"]
[SourceVersion "1"]
[SourceVersionDate "2006.11.23"]
[SourceQuality "1"]

1. Nf3 Nf6 2. g3 d5 3. Bg2 c6 4. d3 h6 5. Nbd2 Bf5 6. c4 e6 7. 0-0 Nbd7 8. a3 Bd6 9. b4 0-0 10. Bb2 a5 11. c5 Bc7 12. Qc2 e5 13. e4 Bh7 14. Nh4 dxe4 15. dxe4 Re8 16. Nc4 Qe7 17. Rad1 Red8 18. Bc1 axb4 19. axb4 Nf8 20. Ne3 Qe6 21. Rxd8 Bxd8 22. Nhf5 Bc7 23. Bh3 Qa2 24. Qxa2 Rxa2 25. f3 Ne6 26. Ne7+ Kf8 27. Bxe6 fxe6 28. Nc8 Ra8 29. Nd6 Bxd6 30. cxd6 Nd7 31. Nc4 b5 32. Na5 c5 33. bxc5 Rxa5 34. c6 Ke8 35. Bb2 b4 36. Rc1 Nb6 37. f4 exf4 38. gxf4 Bxe4 39. Bxg7 Ra2 40. Bf6 Rg2+ 41. Kf1 Rxh2 42. Rc5 Rd2 43. Be5 b3 44. Ke1 Rg2 45. Rb5 1/2-1/2

[Event "Kurpfalz Seniors op 07th"]
[Site "Ludwigshafen"]
[Date "2001.10.01"]
[Round "2"]
[White "Geissler, Dieter"]
[Black "Blumenstiel, Heinrich"]
[Result "1-0"]
[WhiteElo "1935"]
[BlackElo "1721"]
[PlyCount "67"]
[EventDate "2001.09.30"]
[EventType "swiss"]
[EventRounds "7"]
[EventCountry "GER"]
[SourceTitle "EXT 2007"]
[Source "ChessBase"]
[SourceDate "2006.11.23"]
[SourceVersion "1"]
[SourceVersionDate "2006.11.23"]
[SourceQuality "1"]

1. e4 g6 2. d4 Bg7 3. c3 d6 4. f4 Nf6 5. Bd3 0-0 6. Ne2 e5 7. 0-0 exf4 8. Nxf4 Re8 9. Qc2 c5 10. h3 cxd4 11. cxd4 Nc6 12. Re1 Nxd4 13. Qf2 Nc6 14. Nc3 Ne5 15. Bf1 a6 16. Be3 b5 17. Bb6 Qd7 18. Rad1 Bb7 19. Bc5 g5 20. Rxd6 Qc8 21. Nd3 Nfd7 22. Bd4 Bf8 23. Nxe5 Nxe5 24. Rf6 Qd7 25. Rf5 f6 26. Rd1 Qc7 27. Rxf6 Bg7 28. Rf5 h6 29. Be2 Rad8 30. Bh5 Rf8 31. Bxe5 Rxd1+ 32. Bxd1 Bxe5 33. Bb3+ Kg7 34. Rxf8 1-0

[Event "GER-chT Seniors 10th"]
[Site "Rheda Wiedenbrueck"]
[Date "2001.08.18"]
[Round "7.4"]
[White "Kudoke, Willy"]
[Black "Geissler, Dieter"]
[Result "1/2-1/2"]
[WhiteElo "2001"]
[BlackElo "2059"]
[PlyCount "30"]
[EventDate "2001.08.12"]
[EventType "team"]
[EventRounds "7"]
[EventCountry "GER"]
[SourceTitle "EXT 2002"]
[Source "ChessBase"]
[SourceDate "2001.11.25"]
[SourceVersion "1"]
[SourceVersionDate "2001.11.25"]
[SourceQuality "1"]
[WhiteTeam "Hamburg Seniors II"]
[BlackTeam "Rheinland Pfalz Seniors II"]
[WhiteTeamCountry "GER"]
[BlackTeamCountry "GER"]

1. c4 e6 2. Nc3 d5 3. cxd5 exd5 4. d4 c6 5. Nf3 Nf6 6. g3 h6 7. Bg2 Bf5 8. 0-0 Bd6 9. Nd2 0-0 10. e4 dxe4 11. Ndxe4 Nxe4 12. Nxe4 Bc7 13. Be3 Re8 14. Nc5 Qc8 15. Rc1 Nd7 1/2-1/2

[Event "GER-chT Seniors 10th"]
[Site "Rheda Wiedenbrueck"]
[Date "2001.08.17"]
[Round "6.4"]
[White "Geissler, Dieter"]
[Black "Perk, Egbert"]
[Result "1-0"]
[WhiteElo "2059"]
[BlackElo "2063"]
[PlyCount "97"]
[EventDate "2001.08.12"]
[EventType "team"]
[EventRounds "7"]
[EventCountry "GER"]
[SourceTitle "EXT 2002"]
[Source "ChessBase"]
[SourceDate "2001.11.25"]
[SourceVersion "1"]
[SourceVersionDate "2001.11.25"]
[SourceQuality "1"]
[WhiteTeam "Rheinland Pfalz Seniors II"]
[BlackTeam "Niedersachsen Seniors II"]
[WhiteTeamCountry "GER"]
[BlackTeamCountry "GER"]

1. e4 d6 2. d4 Nd7 3. c3 Ngf6 4. Bd3 e5 5. f4 Be7 6. Qe2 c6 7. Be3 Qc7 8. Nd2 Nf8 9. h3 h6 10. g4 exf4 11. Bxf4 Ne6 12. Bg3 Bd7 13. Ngf3 g5 14. Qh2 0-0-0 15. Nc4 Ne8 16. Ne3 N6g7 17. e5 Be6 18. Nf5 Nxf5 19. gxf5 Bd5 20. 0-0 dxe5 21. Nxe5 Qb6 22. Bc4 Bxc4 23. Nxc4 Qa6 24. Rfe1 Qxc4 25. Rxe7 Rd7 26. Re2 Nc7 27. Rae1 Rhd8 28. Bxc7 Rxc7 29. Re7 Rcd7 30. f6 Qd5 31. R1e5 Qf3 32. Rxd7 Qd1+ 33. Kf2 Qc2+ 34. Re2 Qf5+ 35. Kg2 Qxd7 36. Re7 Qd5+ 37. Kg1 Rd6 38. Rxf7 Qe6 39. Rf8+ Kc7 40. Qe5 Qxh3 41. Rf7+ Kb6 42. Qxd6 Qg4+ 43. Kf2 Qf5+ 44. Ke3 Qh3+ 45. Kd2 Qg2+ 46. Kd3 Qf1+ 47. Kc2 Qe2+ 48. Kb3 Qd1+ 49. Ka3 1-0

[Event "Bad Woerishofen Seniors op 17th"]
[Site "Bad Woerishofen"]
[Date "2001.03.23"]
[Round "9"]
[White "Geissler, Dieter"]
[Black "Claus, Joachim"]
[Result "1/2-1/2"]
[WhiteElo "2070"]
[BlackElo "1790"]
[PlyCount "54"]
[EventDate "2001.03.??"]
[EventType "swiss"]
[EventRounds "9"]
[EventCountry "GER"]
[SourceTitle "EXT 2002"]
[Source "ChessBase"]
[SourceDate "2001.11.25"]
[SourceVersion "1"]
[SourceVersionDate "2001.11.25"]
[SourceQuality "1"]

1. e4 d5 2. exd5 Nf6 3. d4 Nxd5 4. Nf3 Bg4 5. Bc4 e6 6. 0-0 Be7 7. h3 Bh5 8. Be2 Nd7 9. c4 N5f6 10. Qb3 Qc8 11. Nc3 0-0 12. Be3 c6 13. Rad1 Qc7 14. Rd2 Rad8 15. g3 Bd6 16. Kg2 b6 17. Rfd1 Qb7 18. c5 Bc7 19. g4 Bg6 20. Bd3 Bxd3 21. Rxd3 Bb8 22. Bg5 Rde8 23. Re3 h6 24. Bh4 Bf4 25. Ree1 Qc7 26. cxb6 axb6 27. Ne2 Nd5 1/2-1/2

[Event "Kurpfalz op Seniors op 06th"]
[Site "Ludwigshafen"]
[Date "2000.10.05"]
[Round "5"]
[White "Geissler, Dieter"]
[Black "Tochtermann, Georg"]
[Result "1/2-1/2"]
[WhiteElo "1945"]
[BlackElo "1887"]
[PlyCount "40"]
[EventDate "2000.10.01"]
[EventType "swiss"]
[EventRounds "7"]
[EventCountry "GER"]
[SourceTitle "EXT 2007"]
[Source "ChessBase"]
[SourceDate "2006.11.23"]
[SourceVersion "1"]
[SourceVersionDate "2006.11.23"]
[SourceQuality "1"]

1. e4 d6 2. d4 Nf6 3. Bd3 g6 4. h3 Bg7 5. Be3 c6 6. c3 Nbd7 7. Nd2 e5 8. Ne2 d5 9. Bc2 dxe4 10. Nxe4 Nxe4 11. Bxe4 0-0 12. Bc2 exd4 13. Nxd4 Nb6 14. 0-0 Nd5 15. Bc1 c5 16. Nf3 Nf6 17. Be3 b6 18. Qc1 Bb7 19. Rd1 Qe7 20. Ne1 Rad8 1/2-1/2

[Event "Kurpfalz op Seniors op 06th"]
[Site "Ludwigshafen"]
[Date "2000.10.04"]
[Round "4"]
[White "Schwertel, Johann"]
[Black "Geissler, Dieter"]
[Result "1/2-1/2"]
[WhiteElo "1847"]
[BlackElo "1945"]
[PlyCount "36"]
[EventDate "2000.10.01"]
[EventType "swiss"]
[EventRounds "7"]
[EventCountry "GER"]
[SourceTitle "EXT 2007"]
[Source "ChessBase"]
[SourceDate "2006.11.23"]
[SourceVersion "1"]
[SourceVersionDate "2006.11.23"]
[SourceQuality "1"]

1. d4 d5 2. Nf3 Nf6 3. Bf4 Bf5 4. e3 Nbd7 5. c4 e6 6. Nc3 c6 7. cxd5 exd5 8. Bd3 Bxd3 9. Qxd3 Bb4 10. 0-0 Bxc3 11. bxc3 0-0 12. c4 dxc4 13. Qxc4 Nb6 14. Qc2 Nfd5 15. Bg3 f5 16. Be5 Rf7 17. g3 Nd7 18. Qb3 Nxe5 1/2-1/2

[Event "GER-chT Seniors 09th"]
[Site "Halle"]
[Date "2000.08.20"]
[Round "1.4"]
[White "Herzel, Alois"]
[Black "Geissler, Dieter"]
[Result "1/2-1/2"]
[WhiteElo "1806"]
[BlackElo "2072"]
[PlyCount "58"]
[EventDate "2000.08.20"]
[EventType "team"]
[EventRounds "7"]
[EventCountry "GER"]
[SourceTitle "EXT 2002"]
[Source "ChessBase"]
[SourceDate "2001.11.25"]
[SourceVersion "1"]
[SourceVersionDate "2001.11.25"]
[SourceQuality "1"]

1. d4 d5 2. c4 e6 3. Nc3 Nf6 4. e3 c6 5. Nf3 Nbd7 6. Bd3 Bd6 7. e4 dxe4 8. Nxe4 Nxe4 9. Bxe4 Nf6 10. Bd3 0-0 11. 0-0 c5 12. dxc5 Bxc5 13. Bg5 Be7 14. Qe2 h6 15. Bh4 Qb6 16. Rfd1 Bd7 17. Ne5 Bc6 18. Ng4 Nxg4 19. Bxe7 Rfe8 20. Bh4 f5 21. h3 Nf6 22. Bxf6 gxf6 23. Qe3 Qxe3 24. fxe3 Kf7 25. Kf2 Rg8 26. g3 h5 27. h4 Kg6 28. Be2 Rad8 29. Bf3 Be4 1/2-1/2

[Event "Bad Woerishofen Seniors op 16th"]
[Site "Bad Woerishofen"]
[Date "2000.??.??"]
[Round "9"]
[White "Geissler, Dieter"]
[Black "Neumann, Erwin"]
[Result "1-0"]
[WhiteElo "2070"]
[BlackElo "1810"]
[PlyCount "131"]
[EventDate "2000.03.??"]
[EventType "swiss"]
[EventRounds "9"]
[EventCountry "GER"]
[SourceTitle "EXT 2003"]
[Source "ChessBase"]
[SourceDate "2002.11.25"]
[SourceVersion "1"]
[SourceVersionDate "2002.11.25"]
[SourceQuality "1"]

1. e4 e5 2. Nf3 Nf6 3. Nc3 Bb4 4. Nxe5 0-0 5. Ng4 Bxc3 6. bxc3 Nxe4 7. Be2 d5 8. 0-0 Be6 9. Bb2 Nd7 10. d3 Nd6 11. f4 Nf5 12. Qd2 c6 13. d4 Qh4 14. Ne5 Nf6 15. Bf3 Ne4 16. Bxe4 dxe4 17. Qe2 f6 18. Nc4 b5 19. Na5 Bd5 20. c4 bxc4 21. Nxc6 Rfc8 22. Nb4 Bb7 23. c3 a5 24. Nc2 Nd6 25. Ne3 f5 26. a4 Qf6 27. Ba3 Ne8 28. Rfb1 Rab8 29. Bc5 Ba6 30. Nd5 Qe6 31. Ne7+ Kh8 32. Nxc8 Qxc8 33. Qh5 Rb3 34. Qf7 h6 35. Rxb3 cxb3 36. Qxb3 Bd3 37. Re1 Nf6 38. Qf7 Qc6 39. Bf8 Ne8 40. d5 Qb6+ 41. Kh1 Qf2 42. Ra1 Bf1 43. Qg6 e3 44. Bc5 Nf6 45. Bd4 Qxf4 46. d6 e2 47. Bxf6 gxf6 48. d7 Qd6 49. Qe8+ Kg7 50. d8Q Qxd8 51. Qxd8 e1Q 52. Qd3 Bxd3+ 53. Rxe1 Bc2 54. Re7+ Kg6 55. Ra7 Bxa4 56. Rxa5 Bb3 57. Kg1 Kg5 58. Kf2 Kf4 59. Rb5 Ba2 60. Rb6 Ke5 61. g3 h5 62. Rb5+ Ke4 63. Rb6 Ke5 64. Ke3 h4 65. Rb5+ Ke6 66. gxh4 1-0

[Event "Bad Woerishofen Seniors op 16th"]
[Site "Bad Woerishofen"]
[Date "2000.??.??"]
[Round "2"]
[White "Geissler, Dieter"]
[Black "Wulf, Adalbert"]
[Result "1-0"]
[WhiteElo "2070"]
[BlackElo "1790"]
[PlyCount "54"]
[EventDate "2000.03.??"]
[EventType "swiss"]
[EventRounds "9"]
[EventCountry "GER"]
[SourceTitle "EXT 2003"]
[Source "ChessBase"]
[SourceDate "2002.11.25"]
[SourceVersion "1"]
[SourceVersionDate "2002.11.25"]
[SourceQuality "1"]

1. e4 d5 2. exd5 Nf6 3. d4 e6 4. dxe6 Bxe6 5. Nf3 Be7 6. Be2 0-0 7. 0-0 c6 8. c4 Nbd7 9. Nc3 Nb6 10. b3 Qc7 11. h3 Rfd8 12. Qc2 Nbd7 13. Ng5 Nf8 14. Be3 h6 15. Nxe6 Nxe6 16. Rad1 Rac8 17. Bf3 Nf4 18. Ne4 Nd7 19. Qc1 Ng6 20. Bg4 Nh4 21. Ng3 Rf8 22. Nf5 Nxf5 23. Bxf5 g5 24. f4 Rce8 25. fxg5 Bd6 26. gxh6 Rxe3 27. Qxe3 Kh8 1-0

[Event "GER-chT Seniors 08th"]
[Site "Verden"]
[Date "1999.08.03"]
[Round "?"]
[White "Fischer, Manfred3333"]
[Black "Geissler, Dieter"]
[Result "1-0"]
[WhiteElo "1794"]
[BlackElo "2087"]
[PlyCount "139"]
[EventDate "1999.08.01"]
[EventType "team-swiss"]
[EventRounds "7"]
[EventCountry "GER"]
[SourceTitle "EXT 2022"]
[Source "ChessBase"]
[SourceDate "2021.10.06"]
[SourceVersion "1"]
[SourceVersionDate "2021.10.06"]
[SourceQuality "1"]

1. e4 e5 2. Nf3 Nc6 3. Bb5 Nge7 4. c3 d6 5. d4 Bd7 6. Bg5 f6 7. Bh4 Ng6 8. Bg3 a6 9. Ba4 b5 10. Bc2 Be7 11. 0-0 0-0 12. h3 Rb8 13. Nbd2 Na5 14. b4 Nb7 15. a4 c5 16. bxc5 dxc5 17. dxe5 fxe5 18. axb5 axb5 19. Nxe5 Nxe5 20. Bxe5 Rc8 21. Nc4 Bc6 22. Ne3 Re8 23. Qg4 Bf8 24. Rfd1 Qe7 25. f4 Qe6 26. Nd5 Qxg4 27. hxg4 c4 28. Kf2 Nc5 29. Kf3 Nd7 30. Bd4 Nc5 31. g5 Rcd8 32. Bxc5 Bxc5 33. Nc7 Rxd1 34. Rxd1 Rc8 35. Ne6 Be7 36. Nd4 Be8 37. Rb1 Ra8 38. Nxb5 Bxb5 39. Rxb5 Ra3 40. Bb1 Rxc3+ 41. Kg4 Ra3 42. Rb7 Rb3 43. Rxe7 Rxb1 44. Rc7 Rc1 45. Kf5 Kf8 46. Ke6 g6 47. Rxh7 Re1 48. Ke5 c3 49. Rc7 Re3 50. Kd4 Rg3 51. Rxc3 Rxg2 52. Rc7 Rf2 53. Ke5 Ra2 54. Rd7 Ke8 55. Rd6 Kf7 56. f5 gxf5 57. Rf6+ Kg7 58. exf5 Ra5+ 59. Kf4 Ra4+ 60. Kg3 Ra1 61. Re6 Rg1+ 62. Kf4 Rf1+ 63. Ke5 Re1+ 64. Kd6 Rd1+ 65. Ke7 Rf1 66. f6+ Kg6 67. f7+ Kg7 68. g6 Rf2 69. Ke8 Rf3 70. Re7 1-0

[Event "GER-chT Seniors 08th"]
[Site "Verden"]
[Date "1999.08.02"]
[Round "?"]
[White "Geissler, Dieter"]
[Black "Niebling, Ferdinand"]
[Result "0-1"]
[WhiteElo "2087"]
[BlackElo "2222"]
[PlyCount "60"]
[EventDate "1999.08.01"]
[EventType "team-swiss"]
[EventRounds "7"]
[EventCountry "GER"]
[SourceTitle "EXT 2022"]
[Source "ChessBase"]
[SourceDate "2021.10.06"]
[SourceVersion "1"]
[SourceVersionDate "2021.10.06"]
[SourceQuality "1"]

1. e4 c5 2. Nf3 Nc6 3. d4 cxd4 4. Nxd4 Nf6 5. Nc3 e5 6. Nb3 Bb4 7. Bd3 d5 8. 0-0 Bxc3 9. exd5 Nxd5 10. bxc3 0-0 11. Ba3 Re8 12. Qf3 Nf4 13. Be4 Qg5 14. Rfe1 Bg4 15. Qe3 h6 16. g3 Nh3+ 17. Kg2 Rad8 18. f3 Bc8 19. Bc1 Qh5 20. Qe2 Rd6 21. Be3 f5 22. Bc5 Nf4+ 23. gxf4 Rg6+ 24. Kh1 fxe4 25. Qxe4 Bf5 26. Qe2 e4 27. Rad1 Ree6 28. Rf1 exf3 29. Qc4 f2 30. Nd2 Be4+ 0-1

[Event "GER-chT Seniors 08th"]
[Site "Verden"]
[Date "1999.08.01"]
[Round "1.4"]
[White "Gensch, Manfred"]
[Black "Geissler, Dieter"]
[Result "0-1"]
[WhiteElo "1807"]
[BlackElo "2087"]
[PlyCount "142"]
[EventDate "1999.08.01"]
[EventType "team-swiss"]
[EventRounds "7"]
[EventCountry "GER"]
[SourceTitle "EXT 2022"]
[Source "ChessBase"]
[SourceDate "2021.10.06"]
[SourceVersion "1"]
[SourceVersionDate "2021.10.06"]
[SourceQuality "1"]

1. e4 e5 2. Nf3 Nc6 3. Bb5 Nge7 4. 0-0 d6 5. c3 Bd7 6. d4 a6 7. Bc4 f6 8. a4 Ng6 9. Qb3 Qc8 10. Bf7+ Ke7 11. Bg8 Nd8 12. dxe5 dxe5 13. Be3 Ne6 14. Bxe6 Bxe6 15. Qc2 Kf7 16. Nbd2 c5 17. Ne1 c4 18. Kh1 Bd6 19. g3 Qc7 20. Ng2 Rac8 21. f4 Bh3 22. f5 Ne7 23. Rad1 Rhd8 24. Rde1 Qc6 25. Qd1 g6 26. fxg6+ hxg6 27. Bg5 Ng8 28. Qf3 Be7 29. g4 Rd3 30. Qe2 Kg7 31. Be3 Rcd8 32. Rf2 Bc5 33. Bxc5 Bxg2+ 34. Kxg2 Qxc5 35. Nf3 Nh6 36. h3 Nf7 37. Ref1 Re3 38. Qc2 Rdd3 39. h4 Qc6 40. g5 fxg5 41. Re2 Qxe4 42. Rxe3 Qxe3 43. Qf2 Qe4 44. Re1 Qd5 45. hxg5 Nxg5 46. Rxe5 Qxf3+ 47. Qxf3 Nxf3 48. Re7+ Kh6 49. Rxb7 Nh4+ 50. Kh2 Nf5 51. Rb6 Ne3 52. a5 Nd1 53. Rxa6 Rd2+ 54. Kg1 Rxb2 55. Rc6 Nxc3 56. Rxc4 Nb5 57. Ra4 Na7 58. a6 Kh5 59. Ra5+ g5 60. Re5 Ra2 61. Re6 Kh4 62. Rh6+ Kg3 63. Kf1 g4 64. Rg6 Nb5 65. Rb6 Nd4 66. Ke1 Kf3 67. Rf6+ Ke3 68. Kf1 Nf3 69. Re6+ Kf4 70. Rf6+ Kg3 71. Rg6 Rf2# 0-1

[Event "Kurpfalz Seniors op 05th"]
[Site "Ludwigshafen"]
[Date "1999.??.??"]
[Round "?"]
[White "Geissler, Dieter"]
[Black "Breitling, Winfried"]
[Result "1/2-1/2"]
[WhiteElo "1946"]
[BlackElo "1704"]
[PlyCount "125"]
[EventDate "1999.10.09"]
[EventType "swiss"]
[EventRounds "7"]
[EventCountry "GER"]
[SourceTitle "EXT 2007"]
[Source "ChessBase"]
[SourceDate "2006.11.23"]
[SourceVersion "1"]
[SourceVersionDate "2006.11.23"]
[SourceQuality "1"]

1. e4 c5 2. Nf3 Nc6 3. d4 cxd4 4. Nxd4 d6 5. c3 Nf6 6. Bd3 Bg4 7. f3 Bh5 8. Nd2 h6 9. 0-0 e6 10. Qa4 Rc8 11. Nxc6 bxc6 12. Nc4 Be7 13. Be3 0-0 14. Rad1 d5 15. exd5 cxd5 16. g4 Bg6 17. Be2 Qc7 18. Nd2 Bc5 19. Bxc5 Qxc5+ 20. Rf2 Qb6 21. Nb3 Bc2 22. Rd4 Bxb3 23. axb3 e5 24. Rb4 Qe3 25. Kg2 e4 26. Rd4 Rb8 27. b4 Rb7 28. Qd1 Qg5 29. fxe4 dxe4 30. Rf5 Qe3 31. h3 Re7 32. Rf2 Qg5 33. Rf5 Qe3 34. h4 Rd7 35. Rxd7 Nxd7 36. g5 hxg5 37. hxg5 Nb6 38. Ra5 Qf4 39. Qf1 Qe3 40. Qf2 Qd2 41. Bf1 Qd7 42. Bb5 Qd5 43. Qe3 Qb7 44. Ba6 Qe7 45. Qc5 Qd7 46. Be2 Re8 47. Qe3 Qb7 48. c4 Qe7 49. Rb5 Rd8 50. Qc5 Qb7 51. Qf5 e3+ 52. Bf3 Rd2+ 53. Kh3 Qb8 54. Qe5 Qxe5 55. Rxe5 Nxc4 56. Re8+ Kh7 57. b3 Nd6 58. Rxe3 Nf5 59. Be4 g6 60. Rf3 Rd4 61. Bxf5 gxf5 62. Rxf5 Rxb4 63. Rxf7+ 1/2-1/2

[Event "Bad Woerishofen op 15th"]
[Site "Bad Woerishofen"]
[Date "1999.??.??"]
[Round "2"]
[White "Geissler, Dieter"]
[Black "Wolf, A."]
[Result "1-0"]
[WhiteElo "2087"]
[BlackElo "2240"]
[PlyCount "61"]
[EventDate "1999.03.05"]
[EventType "swiss"]
[EventRounds "9"]
[EventCountry "GER"]
[SourceTitle "EXT 2000"]
[Source "ChessBase"]
[SourceDate "1999.11.16"]
[SourceVersion "1"]
[SourceVersionDate "1999.11.16"]
[SourceQuality "1"]

1. e4 c6 2. d4 d5 3. Nc3 dxe4 4. Nxe4 Bf5 5. Ng3 Bg6 6. Nf3 Nd7 7. Bc4 e6 8. 0-0 Bd6 9. Re1 Qc7 10. Qe2 0-0-0 11. Bb3 Ngf6 12. c4 c5 13. Bd2 Rde8 14. Ba4 Re7 15. b4 cxb4 16. c5 Bxg3 17. hxg3 Nd5 18. c6 N7b6 19. cxb7+ Kxb7 20. Bb5 Qd6 21. Rac1 Rc7 22. Rxc7+ Nxc7 23. Bf4 Qe7 24. Bxc7 Qxc7 25. Ne5 Nd5 26. Bc6+ Kc8 27. Qa6+ Kd8 28. Bxd5 Qc3 29. Qd6+ Kc8 30. Qd7+ Kb8 31. Qb7# 1-0